Microeconomic Adjustment in Hungary Results from a Survey of Enterprises

Guardado en:
Detalles Bibliográficos
Autor principal: Heinrich, Ralph
Formato: Libro
Lenguaje:inglés
Publicado: Kiel Institut für Weltwirtschaft 1993
Colección:Kiel Working Paper No.599
Materias:
Etiquetas: Agregar Etiqueta
Sin Etiquetas, Sea el primero en etiquetar este registro!

MARC

LEADER 00000nam a2200000 4500
001 c005347
005 20250521093013.7
041 0 |a eng 
044 |a DE 
245 1 0 |a Microeconomic Adjustment in Hungary  |b Results from a Survey of Enterprises  |c Ralph Heinrich 
264 1 |a Kiel  |b Institut für Weltwirtschaft  |c 1993 
300 |a 44 s. 
490 1 |a Kiel Working Paper  |v No.599 
830 0 |a Kiel Working Paper  |v No.599 
610 2 0 |a Maďarsko 
610 2 0 |a mikroekonomika 
610 2 0 |a firmy 
610 2 0 |a reformy hospodárske 
610 2 0 |a privatizácia 
610 2 0 |a trh 
610 2 0 |a zamestnanosť 
610 2 0 |a inflácia 
610 2 0 |a vlastníctvo súkromné 
100 1 |a Heinrich, Ralph